|
|
|
|
| LEADER |
00000nam0a2200000 4500 |
| 001 |
202472 |
| 005 |
20231031185400.0 |
| 020 |
|
|
|a RU
|b 84-38164
|
| 035 |
|
|
|a (RuTPU)RU\TPU\book\220630
|
| 090 |
|
|
|a 202472
|
| 100 |
|
|
|a 20111013d1984 m y0rusy5003 ca
|
| 101 |
0 |
|
|a rus
|
| 102 |
|
|
|a BY
|
| 105 |
|
|
|a y z 001zy
|
| 200 |
1 |
|
|a Углеродные молекулярные сита на основе торфа
|f Н. Д. Дрожалина
|g Академия наук Белорусской ССР (АН БССР), Институт торфа (ИТ)
|
| 210 |
|
|
|a Минск
|c Наука и техника
|d 1984
|
| 215 |
|
|
|a 150 с.
|
| 318 |
|
|
|5 63413507
|a Инновационные аспекты добычи, переработки и применения торфа
|b выставка
|
| 320 |
|
|
|a Библиогр.: с. 134-148.
|
| 330 |
|
|
|a В книге излагаются вопросы термического распада торфа в присутствии различных по химической природе соединений, вопросы образования пористой структуры получаемых на основе торфа углеродных адсорбентов, обладающих молекулярно-ситовыми свойствами. Большое внимание уделено влиянию модифицирования торфа синтетическими полимерами, ароматическими соединениями, неорганическими веществами, а также активатора и количества вводимых в торф соединений на формирование пористой структуры в углеродных материалах в процессе карбонизации и активирования. Изучена зависимость характера пористой структуры и прочности углеродных молекулярно-ситовых адсорбентов от технологии приготовления исходного торфа. Рассмотрены области использования полученных на основе торфа углеродных молекулярных сит для адсорбции и разделения неорганических и углеводородных газов. Предназначена для научных сотрудников и инженерно-технических работников, занимающихся термической переработкой твердых горючих ископаемых, а также синтезом и изучением структуры углеродных адсорбентов.
|
| 610 |
1 |
|
|a торф
|
| 610 |
1 |
|
|a адсорбенты
|
| 610 |
1 |
|
|a карбонизация
|
| 610 |
1 |
|
|a активирование
|
| 610 |
1 |
|
|a химическая переработка
|
| 675 |
|
|
|a 661.18
|z rus
|
| 675 |
|
|
|a 662.73
|v 3
|
| 700 |
|
1 |
|a Дрожалина
|b Н. Д.
|g Наталья Дмитриевна
|
| 712 |
0 |
2 |
|a Академия наук Белорусской ССР (АН БССР)
|b Институт торфа (ИТ)
|c (Минск)
|c (1932-1990)
|2 stltpush
|3 (RuTPU)RU\TPU\col\11584
|
| 801 |
|
0 |
|a RU
|b RuMRKP
|c 19950704
|g psbo
|
| 801 |
|
1 |
|a RU
|b 63413507
|c 20111013
|
| 801 |
|
2 |
|a RU
|b 63413507
|c 20180428
|g RCR
|
| 942 |
|
|
|c BK
|